<?xml version="1.0" encoding="UTF-8"?>
<record
    xmlns:xsi="http://www.w3.org/2001/XMLSchema-instance"
    xsi:schemaLocation="http://www.loc.gov/MARC21/slim http://www.loc.gov/standards/marcxml/schema/MARC21slim.xsd"
    xmlns="http://www.loc.gov/MARC21/slim">

  <leader>00713nam a22002177a 4500</leader>
  <controlfield tag="003">OSt</controlfield>
  <controlfield tag="005">20230201111116.0</controlfield>
  <controlfield tag="008">220719b        |||||||| |||| 00| 0 eng d</controlfield>
  <datafield tag="020" ind1=" " ind2=" ">
    <subfield code="a">9789353065591</subfield>
  </datafield>
  <datafield tag="040" ind1=" " ind2=" ">
    <subfield code="c">SBCL</subfield>
  </datafield>
  <datafield tag="082" ind1=" " ind2=" ">
    <subfield code="a">616.89</subfield>
    <subfield code="b">HOO-A</subfield>
  </datafield>
  <datafield tag="100" ind1=" " ind2=" ">
    <subfield code="a">Hooley, Jill M</subfield>
    <subfield code="a">Butcher, James N</subfield>
    <subfield code="a">Nock, Matthew K</subfield>
    <subfield code="a">Mineka, Susan</subfield>
  </datafield>
  <datafield tag="245" ind1=" " ind2=" ">
    <subfield code="a">Abnormal psychology</subfield>
  </datafield>
  <datafield tag="250" ind1=" " ind2=" ">
    <subfield code="a">17</subfield>
  </datafield>
  <datafield tag="260" ind1=" " ind2=" ">
    <subfield code="a">Noida</subfield>
    <subfield code="b">Pearson</subfield>
    <subfield code="c">2022</subfield>
  </datafield>
  <datafield tag="300" ind1=" " ind2=" ">
    <subfield code="a">883p.</subfield>
    <subfield code="a">Index</subfield>
  </datafield>
  <datafield tag="500" ind1=" " ind2=" ">
    <subfield code="a">Pd. A/c. Fund</subfield>
  </datafield>
  <datafield tag="630" ind1=" " ind2=" ">
    <subfield code="x">GENERAL STACK</subfield>
  </datafield>
  <datafield tag="650" ind1=" " ind2=" ">
    <subfield code="2">Abnormal psychology</subfield>
    <subfield code="2">Mental disorders</subfield>
    <subfield code="a">Psychology</subfield>
    <subfield code="a">Diseases</subfield>
    <subfield code="a">Medicine and health</subfield>
    <subfield code="v">Diseases of nervous system and mental disorders</subfield>
    <subfield code="x">Mental disorders</subfield>
    <subfield code="x">Technology- Applied sciences</subfield>
  </datafield>
  <datafield tag="942" ind1=" " ind2=" ">
    <subfield code="c">BOOK</subfield>
  </datafield>
  <datafield tag="952" ind1=" " ind2=" ">
    <subfield code="0">0</subfield>
    <subfield code="1">0</subfield>
    <subfield code="2">ddc</subfield>
    <subfield code="4">0</subfield>
    <subfield code="7">0</subfield>
    <subfield code="a">SBCL</subfield>
    <subfield code="b">SBCL</subfield>
    <subfield code="c">2</subfield>
    <subfield code="d">2022-07-19</subfield>
    <subfield code="g">859.00</subfield>
    <subfield code="l">2</subfield>
    <subfield code="o">616.89 HOO-A</subfield>
    <subfield code="p">141915</subfield>
    <subfield code="r">2023-07-15 00:00:00</subfield>
    <subfield code="s">2023-02-06</subfield>
    <subfield code="w">2022-07-19</subfield>
    <subfield code="y">BOOK</subfield>
  </datafield>
  <datafield tag="952" ind1=" " ind2=" ">
    <subfield code="0">0</subfield>
    <subfield code="1">0</subfield>
    <subfield code="2">ddc</subfield>
    <subfield code="4">0</subfield>
    <subfield code="7">0</subfield>
    <subfield code="a">SBCL</subfield>
    <subfield code="b">SBCL</subfield>
    <subfield code="c">2</subfield>
    <subfield code="d">2022-07-19</subfield>
    <subfield code="g">859.00</subfield>
    <subfield code="l">5</subfield>
    <subfield code="o">616.89 HOO-A</subfield>
    <subfield code="p">141916</subfield>
    <subfield code="r">2024-10-29 11:10:20</subfield>
    <subfield code="s">2024-08-05</subfield>
    <subfield code="w">2022-07-19</subfield>
    <subfield code="y">BOOK</subfield>
  </datafield>
  <datafield tag="952" ind1=" " ind2=" ">
    <subfield code="0">0</subfield>
    <subfield code="1">0</subfield>
    <subfield code="2">ddc</subfield>
    <subfield code="4">0</subfield>
    <subfield code="7">0</subfield>
    <subfield code="a">SBCL</subfield>
    <subfield code="b">SBCL</subfield>
    <subfield code="c">2</subfield>
    <subfield code="d">2022-07-19</subfield>
    <subfield code="g">859.00</subfield>
    <subfield code="l">8</subfield>
    <subfield code="o">616.89 HOO-A</subfield>
    <subfield code="p">00141806</subfield>
    <subfield code="r">2025-05-02 15:23:05</subfield>
    <subfield code="s">2024-04-24</subfield>
    <subfield code="w">2022-07-19</subfield>
    <subfield code="y">BOOK</subfield>
  </datafield>
  <datafield tag="999" ind1=" " ind2=" ">
    <subfield code="c">134465</subfield>
    <subfield code="d">134465</subfield>
  </datafield>
</record>
